000 03018cam a2200313 4500500
005 20260111081234.0
041 _afre
042 _adc
100 1 0 _aMeddas, Houria
_eauthor
245 0 0 _aLes pratiques des enseignants des unités pédagogiques pour élèves allophones : ou le paradoxe de l’invisibilité
260 _c2024.
500 _a84
520 _aEn France, la circulaire de 2012 vient promouvoir une école inclusive. Elle est présentée comme un défi pour lutter contre les inégalités sociales et érige la scolarisation des élèves allophones comme « un devoir de la république et de son école ». Sur le papier l’inclusion se lit dans des objectifs cités au titre d’une « intégration sociale, culturelle et à terme professionnelle ». Dix ans plus tard, l’école inclusive a-t-elle relevé le défi de l’égalité des chances et de la justice sociale ? Dans le cadre d’une recherche-action collaborative et « créative », les pratiques des enseignants en charges d’élèves allophones mettent en évidence que l’école, initialement orientée vers l’inclusion, engendre deux formes d’invisibilité qui influent sur les pratiques de ces acteurs pédagogiques. Celle des élèves et celle des pratiques enseignantes. Cet article a pour objectif de saisir les pratiques d’inclusion des élèves et des enseignants, et qui font l’objet de cette double invisibilisation.
520 _aThe 2012 directive in France aims to promote inclusive schooling. It is presented as a challenge of tackling social inequalities and establishes the schooling of allophone students as "a duty for the republic and its schools". At first glance, inclusion appeared to be a matter of "social, cultural and, ultimately, professional integration". Is the inclusive school up to the challenge of equal opportunities and social justice ten years on? This collaborative and "creative" action-research project examines the practices of teachers in charge of allophone students. It highlights how the school, initially geared towards inclusion, generates two forms of invisibility that influence the pratices of these pedagogical actors: that of the students and that of the teachers’ practices. The aim of this article is to examine the inclusion practices of students and teachers, which are subject to this double invisibilization.
690 _aAllophonie
690 _aInclusion scolaire
690 _aInvisibilité
690 _aParadoxe
690 _aPratiques collaboratives
690 _aTravail coopératif
690 _aAllophony
690 _aCollaborative practices
690 _aCooperative work
690 _aInclusive schooling
690 _aInvisibility
690 _aParadox
786 0 _nL’Année de la recherche en sciences de l’éducation | 1 | 1 | 2024-10-31 | p. 58-68 | 1254-6852
856 4 1 _uhttps://shs.cairn.info/revue-l-annee-de-la-recherche-en-sciences-de-leducation-2025-2-page-58?lang=fr&redirect-ssocas=7080
999 _c1616853
_d1616853